<?xml version="1.0" encoding="UTF-8"?>
<record
    xmlns:xsi="http://www.w3.org/2001/XMLSchema-instance"
    xsi:schemaLocation="http://www.loc.gov/MARC21/slim http://www.loc.gov/standards/marcxml/schema/MARC21slim.xsd"
    xmlns="http://www.loc.gov/MARC21/slim">

  <leader>02599nam2a22003971  4500</leader>
  <controlfield tag="001">v19\rc\1771395</controlfield>
  <controlfield tag="005">20250619071134.0</controlfield>
  <datafield tag="035" ind1=" " ind2=" ">
    <subfield code="a">(NLR Aleph) 004868806</subfield>
  </datafield>
  <datafield tag="090" ind1=" " ind2=" ">
    <subfield code="a">5080427</subfield>
    <subfield code="c">5080427</subfield>
  </datafield>
  <datafield tag="100" ind1=" " ind2=" ">
    <subfield code="a">20061204d1907    |||y0rusy50      ca</subfield>
  </datafield>
  <datafield tag="101" ind1="1" ind2=" ">
    <subfield code="a">rus</subfield>
    <subfield code="c">eng</subfield>
  </datafield>
  <datafield tag="102" ind1=" " ind2=" ">
    <subfield code="a">RU</subfield>
  </datafield>
  <datafield tag="105" ind1=" " ind2=" ">
    <subfield code="a">y   z   |||a|</subfield>
  </datafield>
  <datafield tag="200" ind1="1" ind2=" ">
    <subfield code="a">[&#x41F;&#x43E;&#x44D;&#x43C;&#x44B; &#x438; &#x434;&#x440;&#x430;&#x43C;&#x44B;. (1819-1822)]</subfield>
    <subfield code="e">&#x41C;&#x430;&#x441;&#x43A;&#x430;&#x440;&#x430;&#x434; &#x430;&#x43D;&#x430;&#x440;&#x445;&#x438;&#x438;; &#x41F;&#x438;&#x441;&#x44C;&#x43C;&#x43E; &#x43A; &#x41C;&#x430;&#x440;&#x438;&#x438; &#x414;&#x436;&#x438;&#x441;&#x431;&#x43E;&#x440;&#x43D;; &#x412;&#x43E;&#x43B;&#x448;&#x435;&#x431;&#x43D;&#x438;&#x446;&#x430; &#x410;&#x442;&#x43B;&#x430;&#x441;&#x430;; &#x42D;&#x43F;&#x438;&#x43F;&#x441;&#x438;&#x445;&#x438;&#x434;&#x438;&#x43E;&#x43D;; &#x410;&#x434;&#x43E;&#x43D;&#x430;&#x438;&#x441;; &#x42D;&#x43B;&#x43B;&#x430;&#x434;&#x430;; &#x41E;&#x442;&#x440;&#x44B;&#x432;&#x43A;&#x438; &#x43D;&#x435;&#x43E;&#x43A;&#x43E;&#x43D;&#x447;&#x435;&#x43D;&#x43D;&#x43E;&#x439; &#x434;&#x440;&#x430;&#x43C;&#x44B;; &#x41A;&#x430;&#x440;&#x43B; &#x41F;&#x435;&#x440;&#x432;&#x44B;&#x439;; &#x422;&#x43E;&#x440;&#x436;&#x435;&#x441;&#x442;&#x432;&#x43E; &#x436;&#x438;&#x437;&#x43D;&#x438;; &#x41F;&#x43E;&#x432;&#x435;&#x441;&#x442;&#x432;&#x43E;&#x432;&#x430;&#x442;&#x435;&#x43B;&#x44C;&#x43D;&#x44B;&#x435; &#x43E;&#x442;&#x440;&#x44B;&#x432;&#x43A;&#x438;; &#x421;&#x442;&#x430;&#x442;&#x44C;&#x438;</subfield>
    <subfield code="f">&#x41F;&#x43E;&#x44F;&#x441;&#x43D;&#x438;&#x442;. &#x43F;&#x440;&#x438;&#x43C;&#x435;&#x447;. &#x41A;.&#x414;. &#x411;&#x430;&#x43B;&#x44C;&#x43C;&#x43E;&#x43D;&#x442;&#x430;</subfield>
    <subfield code="g">&#x421; &#x43F;&#x440;&#x438;&#x43B;. &#x441;&#x442;.: "&#x42D;&#x434;&#x443;&#x430;&#x440;&#x434; &#x414;&#x430;&#x443;&#x434;&#x44D;&#x43D;. &#x41E;&#x447;&#x435;&#x440;&#x43A; &#x436;&#x438;&#x437;&#x43D;&#x438; &#x428;&#x435;&#x43B;&#x43B;&#x438;"</subfield>
  </datafield>
  <datafield tag="210" ind1=" " ind2=" ">
    <subfield code="d">1907</subfield>
    <subfield code="a">&#x411;. &#x43C;.</subfield>
  </datafield>
  <datafield tag="215" ind1=" " ind2=" ">
    <subfield code="a">[8], 422, 24 &#x441;.</subfield>
  </datafield>
  <datafield tag="461" ind1=" " ind2="0">
    <subfield code="1">001v19\rc\1771392</subfield>
    <subfield code="1">2001#$a&#x41F;&#x43E;&#x43B;&#x43D;&#x43E;&#x435; &#x441;&#x43E;&#x431;&#x440;&#x430;&#x43D;&#x438;&#x435; &#x441;&#x43E;&#x447;&#x438;&#x43D;&#x435;&#x43D;&#x438;&#x439;, &#x432; &#x43F;&#x435;&#x440;&#x435;&#x432;&#x43E;&#x434;&#x435; [&#x438; &#x441; &#x43F;&#x440;&#x435;&#x434;&#x438;&#x441;&#x43B;.] &#x41A;.&#x414;. &#x411;&#x430;&#x43B;&#x44C;&#x43C;&#x43E;&#x43D;&#x442;&#x430;$f&#x428;&#x435;&#x43B;&#x43B;&#x438;$v&#x422;. 3</subfield>
    <subfield code="1">700#1$a&#x428;&#x435;&#x43B;&#x43B;&#x438;$b&#x41F;.&#x411;.$f1792-1822$g&#x41F;&#x435;&#x440;&#x441;&#x438; &#x411;&#x438;&#x448;&#x438;</subfield>
    <subfield code="9">5080405</subfield>
    <subfield code="a">&#x428;&#x435;&#x43B;&#x43B;&#x438;, &#x41F;.&#x411;. (1792-1822)</subfield>
    <subfield code="c">&#x421;&#x430;&#x43D;&#x43A;&#x442;-&#x41F;&#x435;&#x442;&#x435;&#x440;&#x431;&#x443;&#x440;&#x433;</subfield>
    <subfield code="d">1903-1907</subfield>
    <subfield code="e">&#x41D;&#x43E;&#x432;&#x43E;&#x435; &#x442;&#x440;&#x435;&#x445;&#x442;&#x43E;&#x43C;. &#x43F;&#x435;&#x440;&#x435;&#x440;&#x430;&#x431;. &#x438;&#x437;&#x434;. &#x422;. 1-3</subfield>
    <subfield code="f">&#x428;&#x435;&#x43B;&#x43B;&#x438;</subfield>
    <subfield code="n">&#x417;&#x43D;&#x430;&#x43D;&#x438;&#x435;</subfield>
    <subfield code="p">3 &#x442;.</subfield>
    <subfield code="t">&#x41F;&#x43E;&#x43B;&#x43D;&#x43E;&#x435; &#x441;&#x43E;&#x431;&#x440;&#x430;&#x43D;&#x438;&#x435; &#x441;&#x43E;&#x447;&#x438;&#x43D;&#x435;&#x43D;&#x438;&#x439;, &#x432; &#x43F;&#x435;&#x440;&#x435;&#x432;&#x43E;&#x434;&#x435; [&#x438; &#x441; &#x43F;&#x440;&#x435;&#x434;&#x438;&#x441;&#x43B;.] &#x41A;.&#x414;. &#x411;&#x430;&#x43B;&#x44C;&#x43C;&#x43E;&#x43D;&#x442;&#x430;</subfield>
    <subfield code="v">&#x422;. 3</subfield>
  </datafield>
  <datafield tag="464" ind1=" " ind2="0">
    <subfield code="1">2001#$a&#x41C;&#x430;&#x441;&#x43A;&#x430;&#x440;&#x430;&#x434; &#x410;&#x43D;&#x430;&#x440;&#x445;&#x438;&#x438;$a&#x41F;&#x438;&#x441;&#x44C;&#x43C;&#x43E; &#x43A; &#x41C;&#x430;&#x440;&#x438;&#x438; &#x414;&#x436;&#x438;&#x441;&#x431;&#x43E;&#x440;&#x43D;$a&#x412;&#x43E;&#x43B;&#x448;&#x435;&#x431;&#x43D;&#x438;&#x446;&#x430; &#x410;&#x442;&#x43B;&#x430;&#x441;&#x430;$a&#x42D;&#x43F;&#x438;&#x43F;&#x441;&#x438;&#x445;&#x438;&#x434;&#x438;&#x43E;&#x43D;$a&#x410;&#x434;&#x43E;&#x43D;&#x430;&#x438;&#x441;$a&#x42D;&#x43B;&#x43B;&#x430;&#x434;&#x430;$a&#x41E;&#x442;&#x440;&#x44B;&#x432;&#x43A;&#x438; &#x43D;&#x435;&#x43E;&#x43A;&#x43E;&#x43D;&#x447;&#x435;&#x43D;&#x43D;&#x43E;&#x439; &#x434;&#x440;&#x430;&#x43C;&#x44B;$a&#x41A;&#x430;&#x440;&#x43B; &#x41F;&#x435;&#x440;&#x432;&#x44B;&#x439;$a&#x422;&#x43E;&#x440;&#x436;&#x435;&#x441;&#x442;&#x432;&#x43E; &#x436;&#x438;&#x437;&#x43D;&#x438;$a&#x41F;&#x43E;&#x432;&#x435;&#x441;&#x442;&#x432;&#x43E;&#x432;&#x430;&#x442;&#x435;&#x43B;&#x44C;&#x43D;&#x44B;&#x435; &#x43E;&#x442;&#x440;&#x44B;&#x432;&#x43A;&#x438;$a&#x421;&#x442;&#x430;&#x442;&#x44C;&#x438;</subfield>
    <subfield code="t">&#x421;&#x442;&#x430;&#x442;&#x44C;&#x438;</subfield>
  </datafield>
  <datafield tag="464" ind1=" " ind2="0">
    <subfield code="1">2001#$a&#x41E;&#x447;&#x435;&#x440;&#x43A; &#x436;&#x438;&#x437;&#x43D;&#x438; &#x428;&#x435;&#x43B;&#x43B;&#x438;</subfield>
    <subfield code="1">700#1$a&#x414;&#x430;&#x443;&#x434;&#x44D;&#x43D;$b&#x42D;.$f1843-1913$g&#x42D;&#x434;&#x443;&#x430;&#x440;&#x434;</subfield>
    <subfield code="t">&#x41E;&#x447;&#x435;&#x440;&#x43A; &#x436;&#x438;&#x437;&#x43D;&#x438; &#x428;&#x435;&#x43B;&#x43B;&#x438;</subfield>
    <subfield code="a">&#x414;&#x430;&#x443;&#x434;&#x44D;&#x43D;, &#x42D;&#x434;&#x443;&#x430;&#x440;&#x434; (1843-1913)</subfield>
  </datafield>
  <datafield tag="532" ind1="1" ind2="3">
    <subfield code="a">&#x41F;&#x43E;&#x44D;&#x43C;&#x44B; &#x438; &#x434;&#x440;&#x430;&#x43C;&#x44B;.(1819-1822)]</subfield>
  </datafield>
  <datafield tag="702" ind1=" " ind2="1">
    <subfield code="a">&#x411;&#x430;&#x43B;&#x44C;&#x43C;&#x43E;&#x43D;&#x442;</subfield>
    <subfield code="b">&#x41A;.&#x414;.</subfield>
    <subfield code="f">1867-1942</subfield>
    <subfield code="g">&#x41A;&#x43E;&#x43D;&#x441;&#x442;&#x430;&#x43D;&#x442;&#x438;&#x43D; &#x414;&#x43C;&#x438;&#x442;&#x440;&#x438;&#x435;&#x432;&#x438;&#x447;</subfield>
    <subfield code="4">212</subfield>
  </datafield>
  <datafield tag="801" ind1=" " ind2="0">
    <subfield code="a">RU</subfield>
    <subfield code="b">NLR</subfield>
    <subfield code="g">psbo</subfield>
  </datafield>
  <datafield tag="801" ind1=" " ind2="0">
    <subfield code="a">RU</subfield>
    <subfield code="b">RuMoRGB</subfield>
    <subfield code="2">psbo</subfield>
  </datafield>
  <datafield tag="801" ind1=" " ind2="1">
    <subfield code="a">RU</subfield>
    <subfield code="b">ProSoft-M</subfield>
    <subfield code="2">rusmarc</subfield>
  </datafield>
  <datafield tag="852" ind1=" " ind2=" ">
    <subfield code="a">NLR</subfield>
    <subfield code="j">38.71.7.30</subfield>
  </datafield>
  <datafield tag="852" ind1=" " ind2=" ">
    <subfield code="a">NLR</subfield>
    <subfield code="j">&#x41B;60/&#x411;-5/8</subfield>
  </datafield>
  <datafield tag="899" ind1=" " ind2=" ">
    <subfield code="a">RuMoRGB</subfield>
    <subfield code="j">U 145/35</subfield>
  </datafield>
  <datafield tag="899" ind1=" " ind2=" ">
    <subfield code="a">RuMoRGB</subfield>
    <subfield code="j">U 165/10</subfield>
  </datafield>
  <datafield tag="899" ind1=" " ind2=" ">
    <subfield code="a">RuMoRGB</subfield>
    <subfield code="j">T 75/16</subfield>
  </datafield>
  <datafield tag="899" ind1=" " ind2=" ">
    <subfield code="a">RuMoRGB</subfield>
    <subfield code="j">&#x420;&#x431; 10/2730</subfield>
  </datafield>
  <datafield tag="899" ind1=" " ind2=" ">
    <subfield code="a">RuMoRGB</subfield>
    <subfield code="j">&#x41C;&#x41A;</subfield>
  </datafield>
  <datafield tag="899" ind1=" " ind2=" ">
    <subfield code="a">&#x41D;&#x411; &#x421;&#x41F;&#x431;&#x413;&#x423;</subfield>
  </datafield>
  <datafield tag="899" ind1=" " ind2=" ">
    <subfield code="a">&#x413;&#x41F;&#x418;&#x411;</subfield>
  </datafield>
  <datafield tag="899" ind1=" " ind2=" ">
    <subfield code="a">&#x41D;&#x411; &#x41C;&#x413;&#x423;</subfield>
  </datafield>
  <datafield tag="942" ind1=" " ind2=" ">
    <subfield code="c">BOOK</subfield>
  </datafield>
  <datafield tag="980" ind1=" " ind2=" ">
    <subfield code="a">NB</subfield>
  </datafield>
  <datafield tag="995" ind1=" " ind2=" ">
    <subfield code="5">2013-10-26</subfield>
    <subfield code="b">NLR02</subfield>
    <subfield code="c">NLR02</subfield>
    <subfield code="e">RFS</subfield>
    <subfield code="f">4868806-10</subfield>
    <subfield code="k">38.71.7.30</subfield>
    <subfield code="o">0</subfield>
    <subfield code="r">BOOK</subfield>
    <subfield code="s">3871730_</subfield>
  </datafield>
  <datafield tag="995" ind1=" " ind2=" ">
    <subfield code="5">2013-10-26</subfield>
    <subfield code="b">NLR02</subfield>
    <subfield code="c">NLR02</subfield>
    <subfield code="e">RFS</subfield>
    <subfield code="f">4868806-20</subfield>
    <subfield code="k">&#x41B;60/&#x411;-5/8</subfield>
    <subfield code="o">0</subfield>
    <subfield code="r">BOOK</subfield>
    <subfield code="s">6058_</subfield>
  </datafield>
  <datafield tag="995" ind1=" " ind2=" ">
    <subfield code="5">2013-10-26</subfield>
    <subfield code="b">NLR01</subfield>
    <subfield code="c">NLR01</subfield>
    <subfield code="e">TEMP</subfield>
    <subfield code="f">4868806-80</subfield>
    <subfield code="o">0</subfield>
    <subfield code="r">BOOK</subfield>
  </datafield>
  <datafield tag="995" ind1=" " ind2=" ">
    <subfield code="5">2013-10-26</subfield>
    <subfield code="b">NLR01</subfield>
    <subfield code="c">NLR01</subfield>
    <subfield code="e">TEMP</subfield>
    <subfield code="f">4868806-90</subfield>
    <subfield code="o">0</subfield>
    <subfield code="r">BOOK</subfield>
  </datafield>
  <datafield tag="995" ind1=" " ind2=" ">
    <subfield code="5">2013-10-26</subfield>
    <subfield code="b">NLR01</subfield>
    <subfield code="c">NLR01</subfield>
    <subfield code="e">TEMP</subfield>
    <subfield code="f">4868806-100</subfield>
    <subfield code="o">0</subfield>
    <subfield code="r">BOOK</subfield>
  </datafield>
  <datafield tag="995" ind1=" " ind2=" ">
    <subfield code="5">2014-02-20</subfield>
    <subfield code="b">NLR01</subfield>
    <subfield code="c">NLR01</subfield>
    <subfield code="e">OZ2</subfield>
    <subfield code="f">1-366606</subfield>
    <subfield code="k">&#x41B;1 &#x428;6(4&#x412;&#x43B;)/&#x428;-442</subfield>
    <subfield code="o">0</subfield>
    <subfield code="p">0.00</subfield>
    <subfield code="r">BOOK</subfield>
    <subfield code="s">1_64442</subfield>
  </datafield>
</record>
